Wszyscy Polacy trenerzy na turniejach rangi Major - Statystyki

Ogólne statystyki
  • Ten quiz został rozwiązany 15 razy
  • Średni wynik to 4 z 5
Statystyki odpowiedzi
Team Trener % Poprawnych
FaZe Clan NEO
100%
G2 TaZ
100%
Virtus.pro/ENCE kuben
93%
Wildcard vinS
43%
9INE nawrot
29%
Nie znaleziono quizów pasujących do podanych kryteriów
Rozkład punktacji
Procent ludzi z każdym wynikiem
Percentyl według liczby udzielonych odpowiedzi
Twoja historia wyników
Nie rozwiązałeś tego quizu